[Event "Palafrugell Gelpi Memorial 27th"]
[Site "Palafrugell"]
[Date "2012.11.03"]
[Round "7"]
[White "Barneda Ciurana, Jordi"]
[Black "Ruiz Leal, Antonio"]
[Result "1/2-1/2"]
[WhiteElo "1913"]
[BlackElo "1743"]
[PlyCount "113"]
[EventDate "2012.09.22"]
[EventType "swiss"]
[EventRounds "9"]
[EventCountry "ESP"]
[SourceTitle "EXT 2014"]
[Source "ChessBase"]
[SourceDate "2013.11.20"]
[SourceVersion "1"]
[SourceVersionDate "2013.11.20"]
[SourceQuality "1"]

1. e4 c5 2. Nf3 Nc6 3. d4 cxd4 4. Nxd4 Nf6 5. Nc3 a6 6. Be3 e5 7. Nb3 Bb4 8. Bd3 d6 9. 0-0 Bxc3 10. bxc3 0-0 11. Bg5 h6 12. Bh4 Be6 13. f4 exf4 14. Rxf4 g5 15. Rxf6 Qxf6 16. Be1 Ne5 17. Nd4 b5 18. Qe2 Bc4 19. Bd2 Qg6 20. a4 Bxd3 21. cxd3 bxa4 22. Nf5 Kh7 23. d4 Nd7 24. Rxa4 Rfe8 25. g4 Qe6 26. Rxa6 Rxa6 27. Qxa6 Qxe4 28. Qxd6 Qxg4+ 29. Ng3 Qe6 30. Qxe6 fxe6 31. Kf2 Kg6 32. Ke3 Nf6 33. h3 e5 34. dxe5 Rxe5+ 35. Kf3 h5 36. Be3 g4+ 37. hxg4 Nxg4 38. Bd4 Re1 39. c4 Ne5+ 40. Kf2 Nd3+ 41. Kf3 Re8 42. c5 Ne1+ 43. Kf4 Re6 44. Nf1 h4 45. Ne3 Kh5 46. Nf5 Re2 47. Bf6 Rf2+ 48. Ke4 Ng2 49. Nxh4 Nxh4 50. Bxh4 Kxh4 51. c6 Kg5 52. Ke5 Rf6 53. Kd5 Rf2 54. c7 Rc2 55. Kd6 Kf6 56. Kd7 Rd2+ 57. Ke8 1/2-1/2

[Event "Palafrugell Gelpi Memorial 27th"]
[Site "Palafrugell"]
[Date "2012.10.27"]
[Round "6"]
[White "Perolet Perez, Miquel"]
[Black "Ruiz Leal, Antonio"]
[Result "0-1"]
[WhiteElo "1676"]
[BlackElo "1743"]
[PlyCount "103"]
[EventDate "2012.09.22"]
[EventType "swiss"]
[EventRounds "9"]
[EventCountry "ESP"]
[SourceTitle "EXT 2014"]
[Source "ChessBase"]
[SourceDate "2013.11.20"]
[SourceVersion "1"]
[SourceVersionDate "2013.11.20"]
[SourceQuality "1"]

1. d4 Nf6 2. Bf4 b6 3. Nf3 Bb7 4. h3 d6 5. e3 g6 6. Nbd2 Bg7 7. Rb1 0-0 8. c4 Nbd7 9. Qb3 a5 10. a4 Re8 11. d5 Nc5 12. Qc2 e5 13. dxe6 Nxe6 14. Bh2 Nc5 15. Be2 Nfe4 16. 0-0 Qd7 17. b3 Nc3 18. Rbe1 N3e4 19. Bd3 Nxd3 20. Qxd3 Nc5 21. Qb1 Ne4 22. Qc2 Re7 23. Nxe4 Bxe4 24. Qd1 Rae8 25. Nd4 Bb7 26. Bg3 Re4 27. Nf3 h6 28. Re2 R4e6 29. Ra2 f5 30. Re1 Bc3 31. Rf1 Kh7 32. Rc2 Bb4 33. Nd4 Re4 34. Ne2 g5 35. Bh2 R4e7 36. Nd4 Bc5 37. Nf3 Qe6 38. Ra2 Qe4 39. Qc2 Qxc2 40. Rxc2 Re4 41. Nd2 R4e6 42. Nb1 Be4 43. Ra2 Bb4 44. Kh1 c6 45. Rd1 d5 46. Nd2 Bd3 47. cxd5 cxd5 48. Nf3 Be4 49. Nd4 R6e7 50. Nc6 Rd7 51. Nxb4 axb4 52. f3 0-1

[Event "Palafrugell Gelpi Memorial 27th"]
[Site "Palafrugell"]
[Date "2012.10.20"]
[Round "5"]
[White "Ruiz Leal, Antonio"]
[Black "Bou Janoher, Ernest"]
[Result "0-1"]
[WhiteElo "1743"]
[BlackElo "1819"]
[PlyCount "96"]
[EventDate "2012.09.22"]
[EventType "swiss"]
[EventRounds "9"]
[EventCountry "ESP"]
[SourceTitle "EXT 2014"]
[Source "ChessBase"]
[SourceDate "2013.11.20"]
[SourceVersion "1"]
[SourceVersionDate "2013.11.20"]
[SourceQuality "1"]

1. e4 c5 2. Nf3 Nc6 3. d4 cxd4 4. Nxd4 Nf6 5. Nc3 e5 6. Nde2 Bc5 7. Bg5 Bxf2+ 8. Kd2 Bb6 9. Kc1 h6 10. Bh4 g5 11. Be1 d6 12. h3 Be6 13. b3 Bd4 14. Kb2 Rc8 15. Qd3 a6 16. a3 d5 17. Nxd4 Nxd4 18. Rc1 Qc7 19. exd5 Nxd5 20. Nxd5 Bxd5 21. c4 Be6 22. Bf2 Rd8 23. Qc3 b5 24. Be3 bxc4 25. Bxc4 Bxc4 26. Qxc4 Qxc4 27. Rxc4 0-0 28. Rhc1 Nf5 29. Bb6 Rd2+ 30. R1c2 Rxc2+ 31. Rxc2 Re8 32. g4 Ng7 33. Rf2 Re6 34. Bd8 e4 35. Rf6 Rxf6 36. Bxf6 Ne6 37. h4 gxh4 38. Bxh4 Kg7 39. Kc3 Kg6 40. b4 h5 41. gxh5+ Kxh5 42. Bf6 Kg6 43. Bh4 f5 44. Kc4 f4 45. b5 axb5+ 46. Kxb5 e3 47. a4 f3 48. a5 f2 0-1

[Event "Palafrugell Gelpi Memorial 24th"]
[Site "Palafrugell"]
[Date "2011.09.24"]
[Round "1.7"]
[White "Ruiz Leal, Antonio"]
[Black "Vinardell Cruanas, Sergi"]
[Result "0-1"]
[WhiteElo "1762"]
[BlackElo "2101"]
[PlyCount "67"]
[EventDate "2011.09.24"]
[EventType "swiss"]
[EventRounds "9"]
[EventCountry "ESP"]
[SourceTitle "EXT 2024"]
[Source "ChessBase"]
[SourceDate "2023.10.10"]
[SourceVersion "1"]
[SourceVersionDate "2023.10.10"]
[SourceQuality "1"]

1. e4 e5 2. Nf3 Nc6 3. Bb5 a6 4. Ba4 Nf6 5. d3 b5 6. Bb3 Be7 7. a3 0-0 8. 0-0 d6 9. h3 Na5 10. Ba2 c5 11. Bd2 Nc6 12. Bg5 Ne8 13. Be3 Be6 14. Nc3 Bxa2 15. Rxa2 Nc7 16. Ra1 d5 17. exd5 Nxd5 18. Ne2 f5 19. Ne1 Qd7 20. c3 Kh8 21. Qc1 Na5 22. Qc2 b4 23. d4 e4 24. Nf4 g5 25. Nxd5 Qxd5 26. f4 Bd6 27. Qe2 Ra7 28. g3 Rg7 29. Qf2 gxf4 30. Bxf4 Bxf4 31. Qxf4 Rfg8 32. g4 fxg4 33. h4 Nb3 34. Rd1 0-1

[Event "Catalunya-chT"]
[Site "Spain"]
[Date "2003.??.??"]
[Round "4"]
[White "Ruiz Leal, Antonio"]
[Black "Rodriguez Becerro, Miquel"]
[Result "0-1"]
[WhiteElo "1975"]
[BlackElo "2160"]
[PlyCount "104"]
[EventDate "2003.??.??"]
[EventType "team"]
[EventRounds "9"]
[EventCountry "ESP"]
[SourceTitle "EXT 2007"]
[Source "ChessBase"]
[SourceDate "2006.11.23"]
[SourceVersion "1"]
[SourceVersionDate "2006.11.23"]
[SourceQuality "1"]

1. e4 d6 2. d4 Nf6 3. Bd3 e5 4. c3 g6 5. Nf3 exd4 6. cxd4 Bg7 7. h3 0-0 8. 0-0 h6 9. Nc3 Nc6 10. a3 Nh7 11. Be3 Ng5 12. Nxg5 hxg5 13. Bc2 a6 14. Qd2 g4 15. hxg4 Bxg4 16. f3 Bd7 17. Ne2 Bf6 18. Kf2 Ne7 19. Rh1 Re8 20. Bg5 Bg7 21. Bh6 Bf6 22. Bg5 Bg7 23. Qf4 c6 24. Bf6 Nd5 25. exd5 Qxf6 26. Qxf6 Bxf6 27. dxc6 bxc6 28. Rad1 Rab8 29. b3 a5 30. a4 Be6 31. Rb1 Rb4 32. Rhd1 Reb8 33. Rd3 R8b6 34. Ke3 Bf5 35. Rc3 Bxc2 36. Rxc2 Rxb3+ 37. Rxb3 Rxb3+ 38. Rc3 Rxc3+ 39. Nxc3 c5 40. Nb5 Bxd4+ 41. Ke4 f5+ 42. Kd5 Be5 43. Na3 Bc3 44. Nc4 Kf7 45. Nxd6+ Ke7 46. Nb7 Kf6 47. Nxc5 Kg5 48. Kc4 Be1 49. Nd3 Bd2 50. g3 f4 51. g4 Kf6 52. Kd5 Be3 0-1

[Event "Catalunya-chT"]
[Site "Barcelona"]
[Date "2002.??.??"]
[Round "7"]
[White "Pages de Garriga, Berta"]
[Black "Ruiz Leal, Antonio"]
[Result "1-0"]
[WhiteElo "2000"]
[BlackElo "2000"]
[PlyCount "143"]
[EventDate "2002.??.??"]
[EventType "team"]
[EventRounds "9"]
[EventCountry "ESP"]
[SourceTitle "EXT 2008"]
[Source "ChessBase"]
[SourceDate "2007.11.25"]
[SourceVersion "1"]
[SourceVersionDate "2007.11.25"]
[SourceQuality "1"]

1. d4 d5 2. c4 c6 3. cxd5 cxd5 4. Bf4 Nf6 5. e3 Nc6 6. Bd3 e6 7. a3 Bd6 8. Bg3 Ne4 9. Bxe4 dxe4 10. Nd2 f5 11. Ne2 0-0 12. b4 a6 13. Qb3 Ne7 14. Bxd6 Qxd6 15. Nc4 Qd8 16. Ne5 Nd5 17. Rc1 Bd7 18. Nc3 Rc8 19. 0-0 Nxc3 20. Rxc3 Qe7 21. Rfc1 g6 22. h3 Rxc3 23. Rxc3 Rc8 24. Rxc8+ Bxc8 25. Qc4 Qd8 26. Qc5 Kg7 27. Nc4 Bd7 28. Qd6 Qe8 29. Qc7 Kg8 30. Qxb7 Qc8 31. Nd6 Qxb7 32. Nxb7 Kf8 33. Nc5 Bc8 34. Kf1 Ke7 35. Ke2 Kd6 36. Kd2 Kd5 37. Kc3 h5 38. a4 g5 39. b5 axb5 40. axb5 e5 41. Na4 exd4+ 42. exd4 Kd6 43. Nc5 Kd5 44. Nb3 h4 45. Na5 g4 46. Nc6 Bd7 47. Nb4+ Kd6 48. b6 Bc8 49. Kd2 gxh3 50. gxh3 f4 51. Ke2 Bxh3 52. b7 f3+ 53. Ke3 Kc7 54. Nd5+ Kxb7 55. Nf4 Bf5 56. Nh5 Bg6 57. Nf4 Bf5 58. Nh5 Bg4 59. Nf6 Bf5 60. Nxe4 Kc6 61. Ng5 Bg4 62. Nxf3 Bxf3 63. Kxf3 Kd5 64. Kg4 Kxd4 65. Kxh4 Ke4 66. Kg4 Ke5 67. Kg5 Ke6 68. f4 Kf7 69. Kf5 Kf8 70. Kf6 Kg8 71. Ke7 Kg7 72. f5 1-0

[Event "Catalunya-chT"]
[Site "Barcelona"]
[Date "2002.??.??"]
[Round "2"]
[White "Ruiz Leal, Antonio"]
[Black "Coy Santasusana, Ramon"]
[Result "0-1"]
[WhiteElo "2000"]
[BlackElo "2000"]
[PlyCount "116"]
[EventDate "2002.??.??"]
[EventType "team"]
[EventRounds "9"]
[EventCountry "ESP"]
[SourceTitle "EXT 2008"]
[Source "ChessBase"]
[SourceDate "2007.11.25"]
[SourceVersion "1"]
[SourceVersionDate "2007.11.25"]
[SourceQuality "1"]

1. d4 Nf6 2. c4 e6 3. Nc3 c5 4. e3 cxd4 5. exd4 Be7 6. Bd3 0-0 7. Nge2 d5 8. 0-0 dxc4 9. Bxc4 Nbd7 10. Bb3 a6 11. h3 b5 12. Bc2 Bb7 13. a3 Nb6 14. Bg5 Nbd5 15. Qd3 g6 16. Rac1 Rc8 17. Ng3 Nxc3 18. Bxf6 Bxf6 19. bxc3 Qd5 20. Qe4 Rxc3 21. Qxd5 Bxd5 22. Be4 Rfc8 23. Ra1 Rxg3 24. Bxd5 exd5 25. fxg3 Bxd4+ 26. Kh1 Bxa1 27. Rxa1 Rc3 28. g4 d4 29. Kg1 Kf8 30. Kf2 Ke7 31. Ra2 Kd6 32. Ke2 Kd5 33. Ra1 Ke4 34. Rf1 f5 35. gxf5 gxf5 36. Kd2 Rxa3 37. Re1+ Kd5 38. Re7 Ra2+ 39. Kd3 Rxg2 40. Rxh7 Rg3+ 41. Kd2 Ke4 42. Re7+ Kf4 43. h4 Rh3 44. h5 Rxh5 45. Re6 Rh2+ 46. Kd3 Ra2 47. Kxd4 a5 48. Kc3 b4+ 49. Kb3 Ra3+ 50. Kb2 Kf3 51. Ra6 f4 52. Rf6 a4 53. Rb6 Rb3+ 54. Ka2 Ke2 55. Ra6 f3 56. Rxa4 Ra3+ 57. Rxa3 bxa3 58. Kxa3 f2 0-1

[Event "Catalunya-chT"]
[Site "Barcelona"]
[Date "2002.??.??"]
[Round "4"]
[White "Ruiz Leal, Antonio"]
[Black "Sanchez Guerrero, Cesar"]
[Result "1-0"]
[WhiteElo "2000"]
[BlackElo "1990"]
[PlyCount "141"]
[EventDate "2002.??.??"]
[EventType "team"]
[EventRounds "9"]
[EventCountry "ESP"]
[SourceTitle "EXT 2008"]
[Source "ChessBase"]
[SourceDate "2007.11.25"]
[SourceVersion "1"]
[SourceVersionDate "2007.11.25"]
[SourceQuality "1"]

1. d4 Nf6 2. c4 e5 3. e3 exd4 4. exd4 Bb4+ 5. Bd2 Bxd2+ 6. Nxd2 0-0 7. Bd3 d6 8. Ne2 Nc6 9. 0-0 Bg4 10. Nb3 Re8 11. a3 Re7 12. f3 Bh5 13. Qd2 Qd7 14. Rae1 Rae8 15. Nf4 Bg6 16. Bxg6 hxg6 17. Nd3 Kf8 18. Rxe7 Rxe7 19. Re1 Ng8 20. Kf2 Nh6 21. Rxe7 Qxe7 22. g3 g5 23. Ne1 Qf6 24. Kg2 Nf5 25. Nc2 b6 26. Qd3 a5 27. a4 g6 28. Qe4 Nd8 29. Ne3 Ne6 30. Qa8+ Qd8 31. Qxd8+ Nxd8 32. Kf2 Ke7 33. Nd5+ Kd7 34. g4 Ne7 35. Nxe7 Kxe7 36. Ke3 f5 37. h3 Kf6 38. Nc1 Ne6 39. Ne2 Nd8 40. d5 Nb7 41. Nd4 f4+ 42. Kd2 Nc5 43. b3 Ke5 44. Nc6+ Kf6 45. Kc3 Na6 46. Na7 Ke5 47. Nc6+ Kf6 48. Kc2 Nc5 49. Kc3 Na6 50. Nd8 Nc5 51. Kc2 Kg7 52. Kc3 Kf6 53. Nc6 Na6 54. Nd4 Nc5 55. Kd2 Ke5 56. Kc3 Na6 57. Ne2 Kf6 58. Nc1 Nb4 59. Kd2 Ke5 60. Nd3+ Nxd3 61. Kxd3 Kf6 62. Kd4 Kf7 63. Kd3 Kf6 64. Ke4 Ke7 65. Kd4 Kf6 66. Ke4 Ke7 67. h4 Kf6 68. h5 gxh5 69. gxh5 Kg7 70. Kf5 Kh6 71. Kg4 1-0